000 00629nam a2200217Ia 4500
003 GCL
008 140319s9999 xx 000 0 ara d
040 _aGCL /
_cGCL
082 0 4 _a913.03
_bس ا
100 1 _aمحمد الشحات
245 1 0 _aالاثار الغارقة /
_cمحمد الشحات
700 1 _aسلفربرج، روبرت
260 _a[S.N] :
_bمؤسسة سجل العرب ،
_c1965
300 _a193 ص
490 _a
650 0 4 _aالاثار
650 0 4 _aالحفريات الاثرية
650 0 4 _aغرق السفن
650 0 4 _aالاكتشافات تحت الماء
942 _2ddc
_cBK
999 _c36858
_d36858